000 00565nam a2200193Ia 4500
005 20260114185701.0
008 008 260114s9999 xx 000 0 eng d
020 _a9781350049512
037 _aEBOOK
040 _aCRL
_beng
_cCRL
041 _aeng
_2eng
084 _qCRL
100 _aBrigitte Resl
_9873110
245 2 _aA Cultural History of Animals in the Medieval Age
260 _bBloomsbury
_c2009
856 _uhttps://doi.org/10.5040/9781350049512?locatt=label:secondary_bloomsburyCollections
942 _cEBOOK
999 _c1472058
_d1472058